00640 a2200145 4500003000500000005001700005040000900022082001500031100001200046245009100058250001100149260003100160300001000191505029300201NUST20221229162439.0 cNust a355.84,RIC aMA Ric  aCommand and Control: Support Systems in The Gulf War (Vol-12) /cMA Ric and Aj Sammes  aVol.12 aUk bMA Ric and Aj Sammes  a139p; aWhere We Came From (Page-1), Where We Should Have Been ? (Page-10), Where We Got to (Page-25), How We Got There : 1-Build-Up (Page-29), How We Got There : ii- Deployment and War (Page-63), How We Got There: iii_ The Communicators Story (Page-93), Assessing the Contribution (Page-127).